Longman Preparation series for the TOEIS test: Intermediate Course

Saved in:
Bibliographic Details
Main Author: Lougheed, Lin
Format: Book
Language:Undetermined
Published: New York Longman 2005
Subjects:
Tags: Add Tag
No Tags, Be the first to tag this record!
Institutions: Trung tâm Học liệu Trường Đại học Cần Thơ
LEADER 00718nam a2200217Ia 4500
001 CTU_213795
008 210402s9999 xx 000 0 und d
020 |b 385000 
082 |a 428.0076 
082 |b L887 
100 |a Lougheed, Lin 
245 0 |a Longman Preparation series for the TOEIS test: Intermediate Course 
245 0 |c Lin Lougheed 
260 |a New York 
260 |b Longman 
260 |c 2005 
650 |a Test of English for international communication,English language,English language 
650 |x Study guide,Textbook for foregin speakers,Examinations 
904 |i Mai Loan 
910 |a Sách kèm đĩa có số AV.000404 
980 |a Trung tâm Học liệu Trường Đại học Cần Thơ